| 000 | 01007cam a2200325M 4500 | ||
|---|---|---|---|
| 999 |
_c5410 _d5410 |
||
| 001 | on1086487002 | ||
| 003 | OCoLC | ||
| 005 | 20200304181335.0 | ||
| 008 | 190225s2019 xx a b 001 0 eng d | ||
| 015 |
_aGBB947356 _2bnb |
||
| 016 | 7 |
_a019296783 _2Uk |
|
| 020 | _a0367261006 | ||
| 020 | _a9780367261009 | ||
| 029 | 1 |
_aUKMGB _b019296783 |
|
| 035 | _a(OCoLC)1086487002 | ||
| 040 |
_aYDX _beng _cTZ-ArACH |
||
| 049 | _aTZAA | ||
| 050 |
_aJZ4839 _b.R68 2013 |
||
| 082 | 0 | 4 |
_a341.2 _223 |
| 245 | 0 | 0 | _aRoutledge handbook of international organization. |
| 260 |
_a[Place of publication not identified] _bROUTLEDGE, _c2019. |
||
| 300 |
_axxvi :549 p. _billustrations (black and white) ; _c25 cm |
||
| 504 | _aIncludes bibliographical references and index. | ||
| 650 | 0 |
_aInternational agencies _xHistory. |
|
| 650 | 0 |
_aInternational organization _xHistory. |
|
| 650 | 7 |
_aInternational agencies. _2fast |
|
| 650 | 7 |
_aInternational organization. _2fast |
|
| 655 | 7 |
_aHistory. _2fast |
|
| 942 |
_2lcc _cBOOK |
||